gminy powiatu olkuskiego z mapą - Statystyki

Ogólne statystyki
  • Ten quiz został rozwiązany 55 razy
  • Średni wynik to 5 z 6
Odpowiedzi na mapie
Odpowiedzi zakodowano w zielono-czerwonej skali na mapie do tego quizu, zgodnie z poniższymi procentami.
 
Statystyki odpowiedzi
Wskazówka Odpowiedź % Poprawnych
gmina miejsko-wiejska Olkusz
98%
gmina miejsko-wiejska Wolbrom
93%
gmina wiejska Bolesław
88%
gmina wiejska Klucze
88%
gmina miejska Bukowno
85%
gmina wiejska Trzyciąż
78%
Nie znaleziono quizów pasujących do podanych kryteriów
Rozkład punktacji
Procent ludzi z każdym wynikiem
Percentyl według liczby udzielonych odpowiedzi
Twoja historia wyników
Nie rozwiązałeś tego quizu